[Event "Schleswig Holstein-ch U16 Vormeister"]
[Site "Neumuenster"]
[Date "2011.05.01"]
[Round "9.18"]
[White "Bockwoldt, Thore"]
[Black "Nickel, Dominik"]
[Result "0-1"]
[WhiteElo "770"]
[BlackElo "786"]
[PlyCount "50"]
[EventDate "2011.04.25"]
[EventType "swiss"]
[EventRounds "9"]
[EventCountry "GER"]
[SourceTitle "EXT 2022"]
[Source "ChessBase"]
[SourceDate "2021.10.06"]
[SourceVersion "1"]
[SourceVersionDate "2021.10.06"]
[SourceQuality "1"]

1. e4 e5 2. Nc3 Nf6 3. f4 Nc6 4. Nf3 d6 5. Bc4 Bg4 6. Qe2 Nd4 7. Qd3 Nxf3+ 8. gxf3 Be6 9. Bxe6 fxe6 10. fxe5 dxe5 11. Qxd8+ Rxd8 12. Nb5 Bd6 13. d4 exd4 14. Nxd4 Ke7 15. Bd2 Bc5 16. Nb5 Bb6 17. Bg5 h6 18. Bh4 g5 19. Bg3 c6 20. Nc7 Rhf8 21. e5 Nh5 22. Rd1 Rxd1+ 23. Kxd1 Bxc7 24. Rf1 Nxg3 25. hxg3 Bxe5 0-1

[Event "Schleswig Holstein-ch U16 Vormeister"]
[Site "Neumuenster"]
[Date "2011.04.29"]
[Round "7.15"]
[White "Knof, Thorben"]
[Black "Nickel, Dominik"]
[Result "1-0"]
[WhiteElo "755"]
[BlackElo "786"]
[PlyCount "91"]
[EventDate "2011.04.25"]
[EventType "swiss"]
[EventRounds "9"]
[EventCountry "GER"]
[SourceTitle "EXT 2022"]
[Source "ChessBase"]
[SourceDate "2021.10.06"]
[SourceVersion "1"]
[SourceVersionDate "2021.10.06"]
[SourceQuality "1"]

1. e4 e5 2. Nf3 Nc6 3. Bc4 Nf6 4. d3 d5 5. exd5 Na5 6. Nxe5 Bd6 7. Qe2 Qe7 8. f4 Bg4 9. Qd2 Nxc4 10. dxc4 Bxe5 11. fxe5 Ne4 12. Qd4 Bf5 13. 0-0 Qc5 14. Qxc5 Nxc5 15. Rxf5 g6 16. Rf1 0-0 17. Be3 Nd7 18. e6 fxe6 19. Bh6 Rxf1+ 20. Kxf1 exd5 21. cxd5 Nf6 22. Nc3 Ng4 23. Bf4 Rf8 24. g3 Nxh2+ 25. Kg2 Ng4 26. Ne4 Re8 27. Kh3 Rxe4 28. Kxg4 h5+ 29. Kg5 Kh7 30. Bxc7 Rc4 31. d6 Rd4 32. Re1 Rd5+ 33. Kf6 Rf5+ 34. Ke6 Kg7 35. d7 Rf6+ 36. Kd5 Rf8 37. Re7+ Kg8 38. d8Q Rxd8+ 39. Bxd8 Kf8 40. Ke6 Kg8 41. Kf6 Kf8 42. Kxg6 b5 43. Rxa7 Ke8 44. Bh4 b4 45. b3 Kf8 46. Ra8# 1-0